Catálogo
 En Linea

Pronosticando el comportamiento del sistema educativo / (Registro nro. 25957)

Detalles MARC
000 -CABECERA
campo de control de longitud fija 01484nam a2200253 a 4500
001 - NÚMERO DE CONTROL
campo de control 000026465
005 - FECHA Y HORA DE LA ÚLTIMA TRANSACCIÓN
campo de control 20200930030234.0
008 - DATOS DE LONGITUD FIJA--INFORMACIÓN GENERAL
campo de control de longitud fija 110318s1986 ag a r 000 0 spa d
040 ## - FUENTE DE LA CATALOGACIÓN
Centro catalogador/agencia de origen DO-SdBNP
Lengua de catalogación spa
Centro/agencia transcriptor BNPHU
041 17 - CÓDIGO DE LENGUA
Código de lengua del texto/banda sonora o título independiente spa
Código de lengua original eng
Fuente del código Código de idioma MARC
082 ## - NÚMERO DE LA CLASIFICACIÓN DECIMAL DEWEY
Número de clasificación xxx
Número de documento/Ítem G795p
049 ## - FONDOS LOCALES (OCLC)
Fondos de biblioteca BNGR
100 1# - ENTRADA PRINCIPAL--NOMBRE DE PERSONA
Nombre de persona Green, Thomas F.
9 (RLIN) 53526
240 10 - TÍTULO UNIFORME
Título uniforme Predicting the behavior of the educational system
Lenguaje de la obra Español.
245 10 - MENCIÓN DE TÍTULO
Título Pronosticando el comportamiento del sistema educativo /
Mención de responsabilidad, etc. Thomas F. Green ; con la colaboración de David P. Ericson y de Robert H. Seidman ; versión española de Julio Lizaranzu y Ana Patricia García.
260 ## - PUBLICACIÓN, DISTRIBUCIÓN, ETC.
Lugar de publicación, distribución, etc. México, D. F. :
Nombre del editor, distribuidor, etc. Noemas Editores,
Fecha de publicación, distribución, etc. 1986.
300 ## - DESCRIPCIÓN FÍSICA
Extensión 282, [6] p. :
Otras características físicas il. ;
Dimensiones 21 cm.
500 ## - NOTA GENERAL
Nota general Incluye referencias bibliográficas y notas al pie de las páginas.
500 ## - NOTA GENERAL
Nota general Incluye apéndices (p. 246-278)
505 0# - NOTA DE CONTENIDO CON FORMATO
Nota de contenido con formato El sistema educacional: elementos -- El sistema educativo: control -- El sistema educativo: distribución -- El sistema educativo: principios jerárquicos -- El sistema educativo: jerarquías del status -- El sistema en movimiento -- La dialéctica de dos principios: mejor e igual -- Argumentos de bendiciones públicos y privados: apoyo político para el sistema -- Reconsideraciones y desviaciones
534 ## - NOTA SOBRE LA VERSIÓN ORIGINAL
Encabezamiento principal del original Título de la obra original en inglés:
Mención de título del original Predicting the behavior of the educational system.
700 1# - PUNTO DE ACCESO ADICIONAL--NOMBRE DE PERSONA
Nombre de persona Lizaranzu, Julio
Término indicativo de función/relación tr.
9 (RLIN) 53527
700 1# - PUNTO DE ACCESO ADICIONAL--NOMBRE DE PERSONA
Nombre de persona García, Ana Patricia
Término indicativo de función/relación tr.
9 (RLIN) 53528
Existencias
Estado de retiro Estado de pérdida Restricciones de uso No para préstamo Código de colección Localización permanente Ubicación/localización actual Ubicación en estantería Fecha de adquisición Número de inventario Total de préstamos Signatura topográfica completa Código de barras Fecha visto por última vez Precio válido a partir de Tipo de ítem Koha Número de copia
        Monografías: Libros y Folletos General General En catalogación 18.03.2011 LF1   xxx G795p 26465-10 25.06.2020 25.06.2020 Préstamo en sala  
      Préstamo restrigido Monografías: Libros y Folletos General General En catalogación 18.03.2011 LF1   xxx G795p 26465-20 25.06.2020 25.06.2020 Préstamo en sala e. 2

Con tecnología Koha